[Event "FICGS rapid B 000148 email"]
[Site "FICGS email"]
[Date "2010.04.05"]
[Round "1"]
[White "Laneval, Olivier"]
[Black "Benoit, Sebastien"]
[Result "0-1"]
[WhiteElo "1705"]
[BlackElo "1854"]
[PlyCount "60"]
[EventDate "2010.??.??"]
[EventType "tourn (rapid)"]
[EventRounds "5"]
[SourceTitle "Corr 2013"]
[Source "ChessBase"]
[SourceDate "2012.11.12"]
[SourceVersion "1"]
[SourceVersionDate "2012.11.12"]
[SourceQuality "1"]

1. e4 c5 2. Nf3 d6 3. d4 cxd4 4. Nxd4 Nf6 5. Nc3 a6 6. Bg5 e6 7. f4 Nc6 8. Nxc6 bxc6 9. e5 h6 10. Bh4 g5 11. fxg5 Nd5 12. Nxd5 cxd5 13. Qh5 Qb6 14. Be2 Bg7 15. g6 0-0 16. Bf6 Ra7 17. Bxg7 Kxg7 18. exd6 Qxb2 19. 0-0 fxg6 20. Qh4 Raf7 21. Rxf7+ Rxf7 22. Qe1 e5 23. Rb1 Qa3 24. c4 dxc4 25. Rc1 Qe3+ 26. Kh1 Be6 27. Bf3 Qc5 28. Qd2 Rd7 29. Rd1 c3 30. Qd3 Bf5 0-1

[Event "FICGS class C 000132 email"]
[Site "FICGS email"]
[Date "2009.12.30"]
[Round "1"]
[White "Ignatyev, Vladimir"]
[Black "Laneval, Olivier"]
[Result "0-1"]
[WhiteElo "1800"]
[BlackElo "1639"]
[PlyCount "60"]
[EventDate "2009.??.??"]
[EventType "tourn (corr)"]
[EventRounds "4"]
[SourceTitle "Corr 2022"]
[Source "ChessBase"]
[SourceDate "2021.10.24"]
[SourceVersion "1"]
[SourceVersionDate "2021.10.24"]
[SourceQuality "1"]

1. e4 c5 2. f4 d5 3. e5 Nc6 4. c3 Bf5 5. d3 e6 6. Nf3 Qc7 7. Be2 f6 8. 0-0 fxe5 9. fxe5 d4 10. c4 Nge7 11. h3 h6 12. Nh4 Nxe5 13. Bh5+ g6 14. Nxf5 exf5 15. Bf3 Nxf3+ 16. Qxf3 Bg7 17. Bf4 Qb6 18. Qe2 Kf7 19. b3 Rhe8 20. Qd2 g5 21. Bg3 f4 22. Bh2 Nf5 23. g3 Ne3 24. Rf2 Qg6 25. gxf4 gxf4+ 26. Kh1 Qc6+ 27. Kg1 Be5 28. Bxf4 Rg8+ 29. Kh2 Rg2+ 30. Rxg2 Nf1+ 0-1

[Event "FICGS class C 000132 email"]
[Site "FICGS email"]
[Date "2009.12.30"]
[Round "1"]
[White "Laneval, Olivier"]
[Black "Leclerc, Luc Olivier"]
[Result "0-1"]
[WhiteElo "1639"]
[BlackElo "1800"]
[PlyCount "30"]
[EventDate "2009.??.??"]
[EventType "tourn (corr)"]
[EventRounds "4"]
[SourceTitle "Corr 2022"]
[Source "ChessBase"]
[SourceDate "2021.10.24"]
[SourceVersion "1"]
[SourceVersionDate "2021.10.24"]
[SourceQuality "1"]

1. c4 e5 2. Nc3 Nc6 3. Nf3 d6 4. d4 exd4 5. Nxd4 Bd7 6. e3 Nf6 7. Be2 g6 8. Bf3 Bg7 9. Bd2 0-0 10. Nce2 Ne5 11. Qb3 c5 12. Nc2 Rb8 13. a4 Bc6 14. Ng1 Ne4 15. h4 d5 0-1

[Event "FICGS class C 000132 email"]
[Site "FICGS email"]
[Date "2009.12.30"]
[Round "1"]
[White "Meli, Cosimo Leonardo"]
[Black "Laneval, Olivier"]
[Result "1-0"]
[WhiteElo "1668"]
[BlackElo "1639"]
[PlyCount "59"]
[EventDate "2009.??.??"]
[EventType "tourn (corr)"]
[EventRounds "4"]
[SourceTitle "Corr 2022"]
[Source "ChessBase"]
[SourceDate "2021.10.24"]
[SourceVersion "1"]
[SourceVersionDate "2021.10.24"]
[SourceQuality "1"]

1. d4 d5 2. c4 e6 3. Nc3 Nf6 4. cxd5 exd5 5. Bg5 Be7 6. e3 c6 7. Qc2 0-0 8. Bd3 g6 9. Nf3 b6 10. h4 Ba6 11. Bxf6 Bxf6 12. h5 Bxd3 13. Qxd3 Re8 14. hxg6 fxg6 15. Rh3 a5 16. Rd1 Na6 17. a3 Nc7 18. Qc2 Ne6 19. Kf1 Bg7 20. Kg1 Ra7 21. Ne5 Bxe5 22. dxe5 Ng5 23. Rg3 Nf7 24. f4 Nh6 25. Ne4 Nf5 26. Nf6+ Kh8 27. Rh3 Re6 28. e4 Nd6 29. Qxc6 dxe4 30. Rxd6 1-0

[Event "FICGS class D 000121 email"]
[Site "FICGS email"]
[Date "2009.05.10"]
[Round "1"]
[White "Laneval, Olivier"]
[Black "Neto, Luis"]
[Result "1-0"]
[WhiteElo "1574"]
[BlackElo "1580"]
[PlyCount "25"]
[EventDate "2009.??.??"]
[EventType "tourn (corr)"]
[EventRounds "6"]
[SourceTitle "Corr 2022"]
[Source "ChessBase"]
[SourceDate "2021.10.24"]
[SourceVersion "1"]
[SourceVersionDate "2021.10.24"]
[SourceQuality "1"]

1. e4 Nc6 2. Nf3 e5 3. Bb5 Nge7 4. d4 Nxd4 5. Nxd4 a6 6. Ba4 exd4 7. Qxd4 Nc6 8. Bxc6 dxc6 9. Qxd8+ Kxd8 10. 0-0 Bd6 11. f4 f5 12. e5 Bc5+ 13. Kh1 1-0

[Event "FICGS class D 000045 email"]
[Site "FICGS email"]
[Date "2007.05.10"]
[Round "1"]
[White "Laneval, Olivier"]
[Black "Goodwin, Adam"]
[Result "1-0"]
[WhiteElo "1500"]
[BlackElo "1415"]
[PlyCount "49"]
[EventDate "2007.??.??"]
[EventType "tourn (corr)"]
[EventRounds "6"]
[SourceTitle "Corr 2022"]
[Source "ChessBase"]
[SourceDate "2021.10.24"]
[SourceVersion "1"]
[SourceVersionDate "2021.10.24"]
[SourceQuality "1"]

1. d4 Nf6 2. c4 e6 3. Nf3 Bb4+ 4. Bd2 Qe7 5. g3 Nc6 6. Bg2 Bxd2+ 7. Qxd2 Ne4 8. Qc2 Qb4+ 9. Kf1 d5 10. cxd5 exd5 11. a3 Qd6 12. e3 0-0 13. Nc3 f5 14. Kg1 Be6 15. b4 a5 16. b5 Na7 17. a4 Rac8 18. Ne2 b6 19. Ne5 c6 20. bxc6 Nxc6 21. Nxc6 Rxc6 22. Qd1 Rfc8 23. Bxe4 fxe4 24. Nf4 Qd7 25. h3 1-0

[Event "FICGS class D 000045 email"]
[Site "FICGS email"]
[Date "2007.05.10"]
[Round "1"]
[White "Laneval, Olivier"]
[Black "Nent, Alexander"]
[Result "0-1"]
[WhiteElo "1500"]
[BlackElo "1593"]
[PlyCount "32"]
[EventDate "2007.??.??"]
[EventType "tourn (corr)"]
[EventRounds "6"]
[SourceTitle "Corr 2022"]
[Source "ChessBase"]
[SourceDate "2021.10.24"]
[SourceVersion "1"]
[SourceVersionDate "2021.10.24"]
[SourceQuality "1"]

1. d4 Nf6 2. g4 Nxg4 3. e4 d6 4. Bc4 e5 5. Qf3 Nf6 6. Nc3 exd4 7. Nb5 Nc6 8. Qb3 Qe7 9. e5 dxe5 10. Bg5 a6 11. Bxf6 gxf6 12. 0-0-0 Na5 13. Bxf7+ Qxf7 14. Qxf7+ Kxf7 15. Nxc7 Rb8 16. f3 Bf5 0-1

[Event "FICGS theme 0000 email"]
[Site "FICGS email"]
[Date "2006.11.14"]
[Round "1"]
[White "Laneval, Olivier"]
[Black "Vasquez, Fernando Jose Pinto"]
[Result "0-1"]
[WhiteElo "1546"]
[BlackElo "1695"]
[PlyCount "70"]
[EventDate "2006.??.??"]
[EventType "swiss (corr)"]
[EventRounds "1"]
[SourceTitle "Corr 2022"]
[Source "ChessBase"]
[SourceDate "2021.10.24"]
[SourceVersion "1"]
[SourceVersionDate "2021.10.24"]
[SourceQuality "1"]

1. e4 e5 2. Nf3 Nc6 3. Bb5 a6 4. Ba4 Nf6 5. 0-0 Be7 6. Re1 b5 7. Bb3 0-0 8. c3 d5 9. exd5 Nxd5 10. Nxe5 Nxe5 11. Rxe5 c6 12. Re1 Bd6 13. d4 Qh4 14. g3 Qh3 15. Re4 Qf5 16. Bc2 Qg6 17. Rh4 Bf5 18. Bxf5 Qxf5 19. Nd2 Rae8 20. Nf3 Be7 21. g4 Qe4 22. Rh3 Qxg4+ 23. Rg3 Qe6 24. Bd2 Bd6 25. Rg2 Re7 26. Kh1 Bf4 27. a4 Qe2 28. Qxe2 Rxe2 29. Bxf4 Nxf4 30. Rg4 Nh3 31. Rg2 Rxb2 32. axb5 cxb5 33. Rxa6 Rc2 34. Rc6 Ra8 35. d5 Nxf2+ 0-1

[Event "FICGS theme 0000 email"]
[Site "FICGS email"]
[Date "2006.11.14"]
[Round "1"]
[White "Mo, Manyu"]
[Black "Laneval, Olivier"]
[Result "0-1"]
[WhiteElo "1500"]
[BlackElo "1546"]
[PlyCount "52"]
[EventDate "2006.??.??"]
[EventType "swiss (corr)"]
[EventRounds "1"]
[SourceTitle "Corr 2022"]
[Source "ChessBase"]
[SourceDate "2021.10.24"]
[SourceVersion "1"]
[SourceVersionDate "2021.10.24"]
[SourceQuality "1"]

1. e4 e5 2. Nf3 Nc6 3. Bb5 a6 4. Ba4 Nf6 5. 0-0 Be7 6. Re1 b5 7. Bb3 0-0 8. c3 d5 9. d3 dxe4 10. dxe4 Bb7 11. Qxd8 Raxd8 12. h3 Bc5 13. Nbd2 Rd6 14. Ng5 Nh5 15. Ndf3 h6 16. Bxf7+ Rxf7 17. Nxf7 Kxf7 18. Nh4 Rf6 19. Rd1 Bxf2+ 20. Kh1 Bxh4 21. Rd7+ Ne7 22. Be3 Bxe4 23. Bc5 Rg6 24. Rf1+ Ke8 25. Rfd1 Rxg2 26. Rg1 Rd2+ 0-1

[Event "FICGS class E 000017 email"]
[Site "FICGS email"]
[Date "2006.10.07"]
[Round "1"]
[White "Laneval, Olivier"]
[Black "Vasquez, Fernando Jose Pinto"]
[Result "0-1"]
[WhiteElo "1500"]
[BlackElo "1581"]
[PlyCount "78"]
[EventDate "2006.??.??"]
[EventType "tourn (corr)"]
[EventRounds "5"]
[SourceTitle "Corr 2022"]
[Source "ChessBase"]
[SourceDate "2021.10.24"]
[SourceVersion "1"]
[SourceVersionDate "2021.10.24"]
[SourceQuality "1"]

1. e4 e5 2. Nf3 Nf6 3. Nxe5 d6 4. Nf3 Nxe4 5. d4 d5 6. Bd3 Bd6 7. 0-0 0-0 8. c4 c6 9. Nc3 Nxc3 10. bxc3 dxc4 11. Bxc4 Bg4 12. Qd3 Nd7 13. Bb3 Nc5 14. Qd1 Nxb3 15. axb3 Qf6 16. h3 Bxf3 17. Qxf3 Qxf3 18. gxf3 Rfe8 19. Be3 a5 20. c4 Bb4 21. c5 Rad8 22. Kh2 f6 23. Rg1 Kf7 24. Rg4 f5 25. Rg2 f4 26. Bxf4 Rxd4 27. Bc7 Rd3 28. Bxa5 Bxc5 29. Rag1 g6 30. f4 Bd6 31. Rg4 h5 32. Rxg6 Bxf4+ 33. Kh1 Rxh3+ 34. Kg2 Rxb3 35. Rg3 Bxg3 36. fxg3 Re2+ 37. Kh3 b6 38. Be1 Kg6 39. Rf1 Rb1 0-1